Statistics for Top 200 World Languages

Click here to take the quiz!

General Stats

  • This quiz has been taken 4,700 times
  • The average score is 75 of 200

Answer Stats

SpeakersLanguage% Correct
800 millionEnglish
98%
274 millionFrench
96%
960 millionMandarin
96%
570 millionSpanish
96%
313 millionArabic
94%
110 millionGerman
93%
697 millionHindustani
93%
250 millionPortuguese
93%
260 millionRussian
93%
125 millionJapanese
92%
90 millionItalian
91%
28 millionDutch
89%
9.6 millionSwedish
89%
77.2 millionKorean
88%
13.4 millionGreek
87%
300 millionMalay
87%
88 millionTurkish
87%
21 millionSerbo-Croatian
86%
5.4 millionFinnish
85%
110 millionPersian
85%
55 millionPolish
85%
30 millionRomanian
84%
5.2 millionNorwegian
83%
45 millionUkrainian
83%
75 millionVietnamese
83%
4.5 millionPak Thai
82%
64 millionThai
82%
5.5 millionDanish
81%
300 millionBengali
79%
13 millionHungarian
79%
120 millionYue
79%
9 millionBulgarian
78%
10.7 millionCzech
78%
5.2 millionSlovak
77%
70 millionTagalog
77%
100 millionSwahili
76%
4.7 millionHmong
75%
15 millionKazakh
74%
16 millionKhmer
72%
32 millionUzbek
72%
6.7 millionArmenian
71%
9 millionHebrew
71%
5.4 millionAlbanian
70%
3 millionLao
70%
2.5 millionSlovene
70%
78 millionTamil
70%
3.1 millionLithuanian
69%
6.4 millionBelarusian
68%
3.7 millionGeorgian
68%
60 millionPashto
68%
23 millionAzeri
67%
43 millionBurmese
67%
17.5 millionAfrikaans
66%
16 millionNepali
66%
7.5 millionTurkmen
66%
28 millionZulu
66%
127 millionPunjabi
62%
80 millionWu
61%
4.3 millionKyrgyz
60%
22 millionAmharic
58%
10 millionCatalan
58%
5.2 millionMongolian
58%
15 millionSomali
57%
2.5 millionMacedonian
56%
19.2 millionXhosa
55%
47 millionMin Nan
54%
50 millionIgbo
53%
94 millionJavanese
53%
30 millionKurdish
53%
5.6 millionKabyle
52%
56 millionGujarati
51%
4.2 millionRiffian
51%
6 millionQuechua
50%
28 millionYoruba
49%
9.6 millionHaitian
48%
83 millionMarathi
46%
81.1 millionTelugu
45%
63.2 millionHausa
41%
43.5 millionKannada
41%
20 millionSinhalese
41%
13.8 millionNorthern Sotho
39%
38 millionMalayalam
37%
10.4 millionUyghur
37%
2 millionNuosu
36%
12.9 millionTswana
36%
25 millionMalagasy
35%
5.2 millionTatar
35%
4.4 millionTibetan
35%
14 millionBavarian
34%
3 millionGalician
32%
9.8 millionKinyarwanda
32%
34.5 millionOromo
32%
40 millionSundanese
32%
4.7 millionSwazi
32%
47.8 millionHakka
31%
2 millionYiddish
31%
4.9 millionGuarani
30%
25 millionSindhi
30%
9 millionTigrinya
30%
15.3 millionAssamese
29%
21.1 millionCebuano
27%
8.8 millionKirundi
27%
37.5 millionOdia
27%
4.7 millionSicilian
27%
24 millionFula
25%
6.9 millionKashmiri
25%
40 millionBhojpuri
23%
63 millionJin
23%
2.5 millionSouthern Ndebele
23%
38 millionXiang
23%
7.6 millionBalochi
22%
15 millionShona
22%
10 millionWolof
22%
22 millionGan
21%
32 millionAkan
20%
13.5 millionSouthern Sotho
20%
12 millionChewa
19%
3.2 millionJamaican Creole
19%
11.5 millionKongo
19%
64.7 millionMaithili
19%
5.7 millionNeapolitan
19%
15.4 millionTsonga
19%
3.9 millionVenetian
19%
3.3 millionBalinese
18%
4.1 millionTok Pisin
18%
2.6 millionAfar
17%
3.5 millionLombard
17%
3.3 millionShan
16%
3 millionVenda
16%
7.1 millionAlemannic
15%
12.5 millionLingala
15%
50 millionRajasthani
15%
16 millionZhuang
15%
11.1 millionIlocano
14%
4 millionKaren
13%
2.3 millionKonkani
13%
16 millionChittagonian
11%
5.1 millionGanda
11%
10 millionLow Saxon
11%
9.5 millionMin Dong
11%
4.3 millionAwadhi
10%
17 millionChhattisgarhi
10%
13.6 millionMadurese
10%
2.2 millionMin Bei
10%
7.6 millionMossi
10%
14 millionBambara
9%
6.5 millionEwe
9%
9.3 millionHiligaynon
9%
12.7 millionMagadhi
9%
3.5 millionAcehnese
8%
9.8 millionHaryanvi
8%
6.6 millionKikuyu
8%
6 millionLuo
8%
20 millionSaraiki
8%
11 millionSylheti
8%
4.6 millionHui
7%
2 millionBatak Toba
6%
5.5 millionBuginese
6%
4.9 millionEast Franconian
6%
5 millionHainanese
6%
4 millionKrio
6%
6.3 millionLuba-Kasai
6%
5 millionLuri
6%
7.6 millionSantali
6%
3.5 millionBanjarese
5%
4.1 millionBemba
5%
5 millionBetawi
5%
3.5 millionBhili
5%
2.5 millionBikol
5%
2.4 millionBrahui
5%
2.4 millionGilaki
5%
21 millionIsan
5%
2.1 millionMakassarese
5%
7 millionPing
5%
6.2 millionUmbundu
5%
2.6 millionWaray
5%
2.7 millionBouyei
4%
5.6 millionBundeli
4%
12.2 millionDyula
4%
3.7 millionHindko
4%
9.5 millionKannuaji
4%
2.1 millionKimbundu
4%
5.4 millionKituba
4%
6 millionLanna
4%
5 millionManinka
4%
6.4 millionMinangkabau
4%
5.1 millionNagpuri
4%
2.7 millionSasak
4%
2.1 millionSoninke
4%
6 millionTabari
4%
2.2 millionGusii
3%
3.9 millionKamba
3%
2.3 millionKapampangan
3%
2.8 millionLeizhounese
3%
6.6 millionMakhuwa
3%
3.9 millionPalembang
3%
2 millionPangasinan
3%
2.6 millionPuxian
3%
5.4 millionSukuma
3%
2.3 millionNkore
2%

Score Distribution

Percentile by Number Answered

Percent of People with Each Score

Your Score History

You have not taken this quiz